Movies Quiz

Random Movies or Director Quiz

Woody Allen Movies Quiz Stats

 Plays Quiz Updated Jan 4, 2017

Score 0/47 Timer 10:00
1 Play Today
Year Movie Title % Correct
1977Annie Hall
95.4%
1979Manhattan
86.3%
1986Hannah and Her Sisters
74.8%
2005Match Point
72.8%
1971Bananas
72.5%
1973Sleeper
68.3%
2013Blue Jasmine
65.8%
2008Vicky Cristina Barcelona
59%
1985The Purple Rose of Cairo
58.9%
1993Manhattan Murder Mystery
56.7%
1989Crimes and Misdemeanors
56.1%
2012To Rome With Love
54.2%
2006Scoop
53.7%
1983Zelig
53.6%
1994Bullets Over Broadway
53.2%
1969Take the Money and Run
52.7%
2016Café Society
52.2%
1975Love and Death
52.1%
1995Mighty Aphrodite
50.5%
1984Broadway Danny Rose
50%
1978Interiors
49.1%
1987Radio Days
48.7%
2001The Curse of the Jade Scorpion
48%
1966What's Up, Tiger Lily?
47.8%
Year Movie Title % Correct
1989 (segment)New York Stories
46.8%
1997Deconstructing Harry
45.9%
1972Everything You Always Wanted to Know About Sex
45.8%
2014Magic in the Moonlight
44.5%
2015Irrational Man
44.3%
1992Husbands and Wives
44.3%
1996Everyone Says I Love You
43.5%
2004Melinda and Melinda
43.3%
1980Stardust Memories
42.5%
2000Small Time Crooks
42.2%
1998Celebrity
41.1%
2011Midnight in Paris
40.6%
1990Alice
39.4%
1982A Midsummer Night's Sex Comedy
38.2%
1992Shadows and Fog
37%
2009Whatever Works
36.6%
2007Cassandra's Dream
36.1%
1999Sweet and Lowdown
35.5%
2002Hollywood Ending
34.3%
2003Anything Else
33.6%
1987September
32.5%
1988Another Woman
28.4%
2010You Will Meet a Tall Dark Stranger
22%

You're not logged in!

Compare scores with friends on all Sporcle quizzes.
OR
Log In

Sporcle TV

Today on Sporcle TV


Watch our educational content, quiz creation guides, and fun videos on Sporcle TV.

Show Comments

Extras

Top Quizzes Today


Score Distribution

Your Account Isn't Verified!

In order to create a playlist on Sporcle, you need to verify the email address you used during registration. Go to your Sporcle Settings to finish the process.

Report this User

Report this user for behavior that violates our Community Guidelines.

Details: